000 00777nam a22001937a 4500
003 OSt
005 20240605150447.0
008 240605b ||||| |||| 00| 0 eng d
040 _cAIMIT LIBRARY
100 _aThakkar, Smit Manish.
_e2016129
_9169432
245 _aStudy of the influence of brand communication and brand image on brand trust and brand loyalty with reference of Mandovi Motors Pvt Ltd /
_cBy Smit Manish Thakkar ; Guided by Justine James.
260 _aMangalore ;
_c2022.
650 _aIndustry profile
_9169433
650 _aLiterature review
_9169434
650 _aProblem specification
_9169435
700 _aSmit Manish Thakkar.
_eGuide
_9169436
856 _3Mandovi Motors Private Limited
_uwww.mandovimotors.in
_ywww.mandovimotors.in
942 _2ddc
_cPRO
999 _c231046
_d231046